Presupuesto del Patronato de Deportes : ejercicio 1983 ejercicio 1983
Descripción Física:
30 cm
Otros Autores:
Patronat d'Esports (Barcelona)
MARC
| LEADER | 00000nam a2200000Ia 4500 | ||
|---|---|---|---|
| 001 | 23581 | ||
| 008 | 160829s1983 xx 000 0 cat d | ||
| 080 | |a Pressupostos | ||
| 245 | |a Presupuesto del Patronato de Deportes : |b ejercicio 1983 | ||
| 260 | |a Barcelona : |b Diputació de Barcelona, |c 1983 | ||
| 300 | |a 30 cm | ||
| 610 | 1 | 0 | |a Barcelona (Catalunya : Província). |b Diputació |x Assignacions pressupostàries i despeses |9 53789 |
| 650 | |a Patronat d'Esports (Barcelona) |x Pressupostos |9 47938 | ||
| 700 | |a Patronat d'Esports (Barcelona) |9 25818 | ||
| 710 | 1 | |a Barcelona (Catalunya : Província). |b Diputació |9 52408 | |
| 901 | |a Arxiu | ||
| 942 | |n 1 | ||
| 952 | |0 0 |1 0 |4 0 |6 PRESSUPOSTOS |7 1 |9 54214 |a Arxiu |b Arxiu |d 2012-08-13 |l 0 |o Pressupostos |p 23581 |r 2016-12-01 00:00:00 |w 2016-12-01 |y ARXIU | ||
| 999 | |c 58083 |d 58083 | ||